000 00828nas a2200265 4500
001 BR9212826
003 BR-BrBNA
005 20231205094802.0
007 ta
008 230509b bl.|||p| |||| 00| 00por d
040 _aBR-BrBNA
_bpor
_cBiblioteca Nacional de Agricultura
041 _a(Pt)
072 _aL40
100 1 _aRodrigues, M.A. la R.
100 1 _aCampello, M. d'A.
100 1 _aPuga, F.R.
245 1 _aCloranfenicol: efeitos sobre celulas cultivadas in vitro e suas inter-relacoes com inseticidas organoclorados
650 _aSUÍNO
650 _aCelula
650 _aMorfologia Animal
650 _aInseticida
773 0 _tArquivos do Instituto Biologico (Brazil)
_xISSN 0020-3653
_g(Jan-Dec 1985), v. 52(1-4) p. 1-4
_wBR9212826
909 _a202311
_bLúcia
_c55
_dLúcia Elande
942 _2AGRIS
_n0
_cANA
999 _c146829
_d146829